000 00552nam a2200193Ia 4500
008 191130s2004##################000#0#eng##
020 _a9781403916563
040 _aACL
_cACL
082 _a378.155 BEC
100 _aBecker, Lucinda
245 _aHow to manage your postgraduate course
_cLucinda Becker
260 _aBasingstoke, Hampshire
_bPalgrave Macmillan
_cc2004
300 _a187 p. ; 23 cm
500 _aIncludes index
650 _aHigher Education
990 _ab14fef9aac10000c58b659520a457ff5
991 _a347181
999 _c208090
_d208090